000 00580nam a2200181Ia 4500
008 100920s9999 xx 000 0 und d
082 _b95491
_a891.43 0
100 _aचेेेस जेम्स हॅडली.
245 _aहत्यारी औरत.
260 _bसाधना पॉकेट बुक्स दिल्ली.
_c0
300 _a181
_bसाधी
365 _b6
520 _aहिंदी.
630 _aहत्यारी औरत.
650 _aहिंदी.
730 _aहत्यारी औरत.
942 _cBOOK
999 _c735933
_d735930